| 000 | 00792cab a2200217 4500 | ||
|---|---|---|---|
| 001 | WB3131-45 | ||
| 008 | 090401t1995 xxu||||| |||| 00| 0 eng d | ||
| 035 | _a(Sirsi) u51788 | ||
| 041 | _aeng | ||
| 245 | _aCouncil allows path through couple`s new home | ||
| 260 | _c1995 | ||
| 350 | _a0 | ||
| 490 |
_aIndependent _v15 August 1995, 3(1) |
||
| 520 | _aPersimmon Homes has admitted building a house on an ancient right of way before planning permission was granted. A couple have ordered the house, but are unable to move in because the front and back doors have to be kept open to allow access for walkers. | ||
| 650 | _aPERSIMMONS HOMES | ||
| 650 | _aRIGHT OF WAY | ||
| 650 | _aWILTSHIRE CC | ||
| 690 | _aHIGHWAYS RIGHTS OF WAY AND EASEMENTS | ||
| 942 | _n0 | ||
| 948 | _c04/03/1997 | ||
| 999 |
_c32135 _d32135 |
||